000 00748nam a2200277Ia 4500
003 OSt
005 20220927110400.0
006 a|||||r|||| 00| 0
007 ta
008 220926b |||||||| |||| 00| 0 eng d
024 _a4368
037 _cReports
040 _aRTL
_cRTL
_beng
041 _2eng
_aeng
082 _a"V2,8r, M1/GD"
110 _a"India, Union Public Service Commission"
_9355277
245 0 _aAnnual Report
260 _aDelhi
_bManager Of Publication India
_c1981
300 _a307p.
_ccm.
490 _v1962-63 13th (88p)
650 _a India
650 _aHistory
700 _a"India, Union Public Service Commission"
_9355280
942 _h"V2,8r, M1/GD"
_cCC
999 _c696074
_d696074